| 000 | 00596nam a2200169Ia 4500 | ||
|---|---|---|---|
| 005 | 20251020182533.0 | ||
| 008 | 200515s9999 xx 000 0 und d | ||
| 082 | _a712.39/S44 | ||
| 100 | _aSTEVENS, David | ||
| 245 | 0 | _aDiseñar el jardín : guía completa de materiales y estructuras | |
| 260 | _aMadrid | ||
| 260 | _c1996 | ||
| 500 | _a1 ejemplar | ||
| 520 | _aLe muestra como diseñar el jardín, desde los elementos básicos hasta los últimos toques, al tiempo que presenta la variada gama de materiales y estructuras que se encuentran hoy en día | ||
| 650 | _aJARDINES | ||
| 942 | _cLIB | ||
| 999 |
_c2138 _d2138 |
||